Beliebteste Mädchennamen von 1895 bis 1899 in Deutschland - Statistiken

Allgemein
  • Dieses Quiz wurde 71 mal gespielt
  • Das Durchschnittsergebnis liegt bei 50 aus 125
Antwortstatistiken
Hint 1895 % Korrekt
1 Anna
93%
8 | 9 | 11 | 22 Maria
79%
7 | 8 | 12 | 14 Elisabeth
70%
6 | 7 | 10 | +2 others Marie
57%
13 | 18 | 19 Paula
57%
5 | 7 | 8 | 9 Emma
55%
4 | 5 | 6 Gertrud
54%
13 | 16 | 23 Johanna
54%
10 | 12 | 16 Bertha
50%
2 | 3 Martha
46%
24 | 25 Charlotte
45%
11 | 14 | 16 | 17 Luise
45%
9 | 17 | 18 | +2 others Clara
39%
2 | 3 Frieda
38%
5 | 6 | 10 | 14 Margarete
38%
4 | 5 Erna
36%
25 Wilhelmine
34%
10 | 17 | 18 | +2 others Hedwig
32%
16 | 23 | 24 Olga
30%
8 | 11 | 12 | 13 Elsa
29%
7 | 9 | 10 | 15 Helene
27%
18 | 19 Hertha
25%
20 Dora
21%
20 | 22 Ida
21%
8 | 13 | 14 | +3 others Else
20%
6 Margarete
20%
16 | 17 | 24 Ella
18%
17 | 23 Alma
16%
21 | 22 | 25 Käthe
14%
20 Elise
13%
18 | 22 | 24 Minna
13%
20 | 23 Elle
11%
15 | 19 | 21 | 22 Auguste
9%
21 Margareta
4%
Keine übereinstimmenden Quizze gefunden
Verteilung der Resultate
Anzahl Personen mit jedem Resultat
Perzentil nach korrekt beantworteten Fragen
Ihre Resultats-Entwicklung
Sie haben dieses Quiz noch nicht gespielt